000 00471nam a2200157Ia 4500
003 GCL
008 140319s9999 xx 000 0 ara d
040 _aGCL /
_cGCL
082 0 4 _a338.4791
_bم م
100 1 _aماهر عبدالخالق السيسى
245 1 0 _aمبادىء السياحة /
_cماهر عبدالخالق السيسى
300 _a431 ص ؛
_c24 سم
650 0 4 _aالسياحة
650 0 4 _aالسياحة - اقتصاديات
942 _2ddc
_cBK
999 _c5148
_d5148